000
00334 a2200157 4500
001
61605
020
_a
9788516054229
040
_c
Anchieta - Pituba
100
_a
Prescher, Elisabeth
240
1
0
_a
Fun way,3
_l
Ing
245
1
0
_a
Fun way,3
300
_a
141/30
362
0
_a
2007
650
4
_a
Inglês e inglês antigo
942
_c
BK
999
_c
61605
_d
61605